书目信息 |
| 题名: |
智能电网中的分布式控制与优化
|
|
| 作者: | 郭方洪 , 温长云 , 宋永端 著 | |
| 分册: | ||
| 出版信息: | 北京 化学工业出版社 2024.09 |
|
| 页数: | 266页 | |
| 开本: | 24cm | |
| 丛书名: | 工业智能化创新之路丛书 | |
| 单 册: | ||
| 中图分类: | TM727 | |
| 科图分类: | ||
| 主题词: | 电网--dian wang--分布控制--研究 | |
| 电子资源: | ||
| ISBN: | 978-7-122-45333-4 | |
| 000 | 01521nam 2200313 450 | |
| 001 | 92032 | |
| 005 | 20250817170437.96 | |
| 010 | @a978-7-122-45333-4@dCNY88.00 | |
| 100 | @a20240913d2024 em y0chiy50 ea | |
| 101 | 0 | @achi |
| 102 | @aCN@b110000 | |
| 105 | @aak a 000yy | |
| 106 | @ar | |
| 200 | 1 | @a智能电网中的分布式控制与优化@Azhi neng dian wang zhong de fen bu shi kong zhi yu you hua@d= Distributed control and optimization in smart grids@f郭方洪, 温长云, 宋永端著@zeng |
| 210 | @a北京@c化学工业出版社@d2024.09 | |
| 215 | @a266页@c图@d24cm | |
| 225 | 2 | @a工业智能化创新之路丛书@Agong ye zhi neng hua chuang xin zhi lu cong shu |
| 306 | @a化学工业出版社基金资助出版 | |
| 320 | @a有书目 | |
| 330 | @a本书系统地开展了含有高比例新能源接入的新型电力系统分布式控制与能量调度相关研究, 提出了含高比例新能源的微电网分布式稳定控制方法、大规模电力系统分布式能量调度方法等, 填补了国内在该领域的研究空白, 具体包括分布式控制基本原理、分布式二次电压恢复和电流分配控制方法、基于事件触发通信机制的分布式二次电压恢复和电流分配控制方法、分布式优化基本原理、基于连续凸逼近方法的分布式优化策略、基于深度学习的分布式优化方法等内容。 | |
| 410 | 0 | @12001 @a工业智能化创新之路丛书 |
| 510 | 1 | @aDistributed control and optimization in smart grids@zeng |
| 606 | 0 | @a电网@Adian wang@x分布控制@x研究 |
| 690 | @aTM727@v5 | |
| 701 | 0 | @a郭方洪@Aguo fang hong@4著 |
| 701 | 0 | @a温长云@Awen chang yun@4著 |
| 701 | 0 | @a宋永端@Asong yong duan@4著 |
| 801 | 0 | @aCN@c20250909 |
| 905 | @a河南城建学院图书馆@dTM727@eG790@f1 | |
| 智能电网中的分布式控制与优化= Distributed control and optimization in smart grids/郭方洪, 温长云, 宋永端著.-北京:化学工业出版社,2024.09 |
| 266页:图;24cm.-(工业智能化创新之路丛书) |
| ISBN 978-7-122-45333-4:CNY88.00 |
| 本书系统地开展了含有高比例新能源接入的新型电力系统分布式控制与能量调度相关研究, 提出了含高比例新能源的微电网分布式稳定控制方法、大规模电力系统分布式能量调度方法等, 填补了国内在该领域的研究空白, 具体包括分布式控制基本原理、分布式二次电压恢复和电流分配控制方法、基于事件触发通信机制的分布式二次电压恢复和电流分配控制方法、分布式优化基本原理、基于连续凸逼近方法的分布式优化策略、基于深度学习的分布式优化方法等内容。 |
| ● |
| 相关链接 |
|
|
|
正题名:智能电网中的分布式控制与优化
索取号:TM727/G790
 
预约/预借
| 序号 | 登录号 | 条形码 | 馆藏地/架位号 | 状态 | 备注 |
| 1 | 1625996 | 216259965 | 自科库301/301自科库 18排2列3层/ [索取号:TM727/G790] | 在馆 |